Szántani, vagy megőrizni? természeti védettségre javasolták a megye 19 területét /
Elmentve itt :
| Szerző: | |
|---|---|
| Dokumentumtípus: | Cikk |
| Megjelent: |
1993-12-24
|
| Sorozat: | Délmagyarország
83 No. 300 |
| Kulcsszavak: | Csongrád megye, Természetvédelem Csongrád megye |
| Online Access: | http://dmarchiv.bibl.u-szeged.hu/86824 |
| LEADER | 00547nab a2200157 i 4500 | ||
|---|---|---|---|
| 001 | delm86824 | ||
| 005 | 20191004081556.0 | ||
| 008 | 191004s1993 hu o 0|| hun d | ||
| 040 | |a SZTE Délmagyarország Archívum |b hun | ||
| 041 | |a hun | ||
| 100 | 1 | |a Panek Sándor | |
| 245 | 1 | 0 | |a Szántani, vagy megőrizni? |h [elektronikus dokumentum] : |b természeti védettségre javasolták a megye 19 területét / |c Panek Sándor |
| 260 | |c 1993-12-24 | ||
| 300 | |a 5 | ||
| 490 | 0 | |a Délmagyarország |v 83 No. 300 | |
| 695 | |a Csongrád megye, Természetvédelem Csongrád megye | ||